Understanding varicose veins (Record no. 405878)
[ view plain ]
| 000 -LEADER | |
|---|---|
| fixed length control field | 00273nam a2200097Ia 4500 |
| 082 ## - DEWEY DECIMAL CLASSIFICATION NUMBER | |
| Classification number | 616.143 CAMP |
| 008 - FIXED-LENGTH DATA ELEMENTS--GENERAL INFORMATION | |
| fixed length control field | 210817s9999 xx 000 0 und d |
| 100 ## - MAIN ENTRY--PERSONAL NAME | |
| Personal name | CAMPBELL, Bruce Poole, Dorset, 2003 |
| 9 (RLIN) | 96530 |
| 245 #0 - TITLE STATEMENT | |
| Title | Understanding varicose veins |
| 942 ## - ADDED ENTRY ELEMENTS | |
| item type | Books |
No items available.